000 00325nam a22001457a 4500
008 210322b ||||| |||| 00| 0 eng d
020 _a9780471328186
041 _aeng
080 _211th
_a541
082 _a541
100 _a12
101 _aKIM
245 _aFoundations of College Chemistry
_cHein, M
942 _2udc
_cBK
999 _c56677
_d56677